<?xml version="1.0" encoding="UTF-8"?>
<record
    xmlns:xsi="http://www.w3.org/2001/XMLSchema-instance"
    xsi:schemaLocation="http://www.loc.gov/MARC21/slim http://www.loc.gov/standards/marcxml/schema/MARC21slim.xsd"
    xmlns="http://www.loc.gov/MARC21/slim">

  <leader>01876nam a2200277 i 4500</leader>
  <controlfield tag="001">184073</controlfield>
  <controlfield tag="003">ES-MaACL</controlfield>
  <controlfield tag="005">20251114151652.0</controlfield>
  <controlfield tag="008">150304m19251926fr           |||| | fre d</controlfield>
  <datafield tag="245" ind1="0" ind2="0">
    <subfield code="a">Patrologia orientalis. </subfield>
    <subfield code="n">Tomus decimus nonus / </subfield>
    <subfield code="c">[&#xE9;dit&#xE9; par] R. Graffin et F. Nau.</subfield>
  </datafield>
  <datafield tag="260" ind1=" " ind2=" ">
    <subfield code="a">Paris : </subfield>
    <subfield code="b">Firmin-Didot et cie, &#xE9;diteurs, </subfield>
    <subfield code="c">1925-1926.</subfield>
  </datafield>
  <datafield tag="300" ind1=" " ind2=" ">
    <subfield code="a">741 p. ; </subfield>
    <subfield code="c">28 cm.</subfield>
  </datafield>
  <datafield tag="505" ind1="8" ind2=" ">
    <subfield code="a">Contiene: Le synaxaire arm&#xE9;nien de Ter Isra&#xEB;l. VI, Mois de Aratz / publi&#xE9; et traduit par le Dr. G. Bayan. - 1925 ; Fasc. 1 John of Ephesus : lives of the eastern Saints. III / syriac text edited and translated by E. W. Brooks. - 1925 ; Fasc. 2 Hom&#xE9;lies mariales byzantines. II, VIII. Th&#xE9;odote d'Ancyre. - IX. Chrysippe, pr&#xEA;tre de J&#xE9;rusalem. - X. S. Jean, Archev&#xEA;que de Thessalonique. - XI. S. Euthyme, Patriarche de Constantinople. - XII. Nicolas Cabasilas. - XIII. Georges Scholarios / textes grecs &#xE9;dit&#xE9;s et traduits en latin par Martin Jugie,.... - 1925 ; Fasc. 3 Logia et Agrapha Domini Jesu apud moslemicos scriptores, asceticos praesertim, usitata. Fasciculus II / collegit, vertit, notis instruxit Micha&#xEB;l Asin et Palacios. - 1926 ; Fasc. 4  Le synaxaire g&#xE9;orgien : r&#xE9;daction ancienne de l'Union arm&#xE9;no-g&#xE9;orgienne / publi&#xE9; et traduit d'apr&#xE8;s le manuscrit du couvent Iviron du Mont Athos par N. Marr. - 1926</subfield>
  </datafield>
  <datafield tag="650" ind1=" " ind2=" ">
    <subfield code="a">Patr&#xED;stica.</subfield>
    <subfield code="9">15895</subfield>
  </datafield>
  <datafield tag="650" ind1="0" ind2="7">
    <subfield code="a">Literatura cristiana primitiva</subfield>
    <subfield code="2">embne</subfield>
    <subfield code="9">14529</subfield>
  </datafield>
  <datafield tag="700" ind1="1" ind2=" ">
    <subfield code="a">Ter Isra&#xEB;l.</subfield>
    <subfield code="9">156173</subfield>
  </datafield>
  <datafield tag="700" ind1="1" ind2=" ">
    <subfield code="a">Bayan, George.</subfield>
    <subfield code="9">156174</subfield>
  </datafield>
  <datafield tag="700" ind1="1" ind2=" ">
    <subfield code="a">Brooks, Ernest Walter, </subfield>
    <subfield code="d">1863-1955</subfield>
    <subfield code="9">156178</subfield>
  </datafield>
  <datafield tag="700" ind1="1" ind2=" ">
    <subfield code="a">Jugie, Martin, </subfield>
    <subfield code="d">1878-1954</subfield>
    <subfield code="9">156469</subfield>
  </datafield>
  <datafield tag="700" ind1="0" ind2=" ">
    <subfield code="a">As&#xED;n Palacios, Miguel.</subfield>
    <subfield code="9">23614</subfield>
  </datafield>
  <datafield tag="700" ind1="1" ind2=" ">
    <subfield code="a">Marr, Nikola&#xEF; Iakovlevich.</subfield>
    <subfield code="9">156472</subfield>
  </datafield>
  <datafield tag="700" ind1="1" ind2=" ">
    <subfield code="a">Graffin, Ren&#xE9;, </subfield>
    <subfield code="d">1858-1941</subfield>
    <subfield code="9">156163</subfield>
  </datafield>
  <datafield tag="700" ind1="1" ind2=" ">
    <subfield code="a">Nau, Fran&#xE7;ois.</subfield>
    <subfield code="9">85006</subfield>
  </datafield>
  <datafield tag="852" ind1=" " ind2=" ">
    <subfield code="a">ES-MaACL</subfield>
    <subfield code="j">G-708</subfield>
  </datafield>
  <datafield tag="999" ind1=" " ind2=" ">
    <subfield code="c">184073</subfield>
    <subfield code="d">184073</subfield>
  </datafield>
  <datafield tag="952" ind1=" " ind2=" ">
    <subfield code="0">0</subfield>
    <subfield code="1">0</subfield>
    <subfield code="4">0</subfield>
    <subfield code="7">0</subfield>
    <subfield code="a">ATENEOM</subfield>
    <subfield code="b">ATENEOM</subfield>
    <subfield code="c">DEPO2</subfield>
    <subfield code="d">2015-03-04</subfield>
    <subfield code="e">SC</subfield>
    <subfield code="l">0</subfield>
    <subfield code="o">G-708</subfield>
    <subfield code="p">1193562</subfield>
    <subfield code="r">2023-02-23 00:00:00</subfield>
    <subfield code="w">2023-02-23</subfield>
    <subfield code="y">MONOGRAFIA</subfield>
  </datafield>
</record>
